Medical research
| Main Author: | |
|---|---|
| Format: | Book |
| Published: |
London :
Franklin Watts ,
1990
|
| Subjects: |
MARC
| LEADER | 00000cam a2200000 7i4500 | ||
|---|---|---|---|
| 001 | 0000002680 | ||
| 002 | 000002908 | ||
| 005 | 20060206.0 | ||
| 020 | |a 0749603283 | ||
| 090 | 0 | 0 | |a 030 |b FIN |
| 100 | 1 | |a Hughes, Martin | |
| 245 | 1 | 0 | |a Medical research |c Dr.Martin Hughes |
| 260 | |a London : |b Franklin Watts , |c 1990 | ||
| 300 | |a 32p. ; |c 30cm. | ||
| 650 | 0 | 0 | |a Medical |x Juvenile literature |
| 999 | |a 036155 |b BUKU |c JUNIOR BOOKS |e PERPUSTAKAAN KOMUNITI CAW KOTA DAMANSARA | ||